| 000 | 00677cab a2200205 4500 | ||
|---|---|---|---|
| 001 | WB2940-02 | ||
| 008 | 090401t1993 xxu||||| |||| 00| 0 eng d | ||
| 035 | _a(Sirsi) u58831 | ||
| 041 | _aeng | ||
| 245 | _aDeregistration plans scrapped | ||
| 260 | _c1993 | ||
| 350 | _a0 | ||
| 490 |
_aFinancial Times _v29 October 1993, 11 |
||
| 490 |
_aRICS Press Release _v(PR212/93) 1 November 1993 (2) |
||
| 520 | _aGovernment plans to repeal the Architects (Registration) Act have been abandoned, permitting the continued statutory registration of the profession. | ||
| 650 | _aARCHITECTS (REGISTRATION) ACTS | ||
| 690 | _aBUILT ENVIRONMENT | ||
| 942 | _n0 | ||
| 948 | _c04/03/1997 | ||
| 999 |
_c35974 _d35974 |
||